Statistics for Popular Web browsers by Market Share

Click here to take the quiz!

General Stats

  • This quiz has been taken 22 times
  • The average score is 4 of 6

Answer Stats

HintAnswer% Correct
66.6%Chrome
100%
2.1%Firefox
90%
13.9%Safari
90%
4.5%Edge
86%
3.02%Opera
67%
3.04%Samsung Internet
10%

Score Distribution

Percentile by Number Answered

Percent of People with Each Score

Your Score History

You have not taken this quiz